| 000 | 00740nam a22001937a 4500 | ||
|---|---|---|---|
| 999 |
_c331121 _d331121 |
||
| 003 | NUST | ||
| 005 | 20170914112400.0 | ||
| 008 | 150423b xxu||||| |||| 00| 0 eng d | ||
| 020 | _a9694071267 | ||
| 040 | _cLIBRARY | ||
| 082 |
_a954.915 _bAHM |
||
| 100 |
_93131 _aIqbal Ahmad Syed |
||
| 245 |
_aBalochistan : Its strategic importance _cSyed Iqbal Ahmad |
||
| 260 |
_aPakistan : _bRoyal Book Co _c1992. |
||
| 300 | _a453 p. : | ||
| 650 |
_93132 _a Strategic aspects of individual places _xGeneral |
||
| 942 |
_2ddc _cBK |
||